Statistiken für Allgemeinwissen der Geschichte #6

Klicken Sie hier um das Quiz zu spielen!

Allgemein

  • Dieses Quiz wurde 1,744 mal gespielt
  • Das Durchschnittsergebnis liegt bei 11 aus 20

Antwortstatistiken

Frage Antwort % Korrekt
Welches berühmte Wahrzeichen New Yorks war ein Geschenk Frankreichs?die Freiheitsstatue
96%
Welcher deutsche Schriftsteller schrieb "Faust"?J.W. von Goethe
93%
Welches papierähnliche Schreibmaterial wurde von den antiken Ägyptern verwendet?Papyrus
91%
Was wurde 1959 zum 50. Bundesstaat der USA?Hawaii
83%
Wie nennt man die japanischen Selbstmordpiloten des Zweiten Weltkriegs?Kamikaze
76%
Wer soll angeblich Selbstmord mithilfe einer Giftschlange begangen haben?Kleopatra
69%
Wer war die Ehefrau von Ludwig XVI.?Marie Antoinette
63%
Welche Stadt markierte den östlichsten Punkt von Napoleons Eroberungen?Moskau
62%
Auf welchem englischen Schiff fand eine Meuterei gegen Kapitän Bligh statt?HMS Bounty
57%
In welcher Stadt starb Mohammed?Medina
56%
Welche Droge empfahl Sigmund Freud als Schmerzmittel?Kokain
55%
Auf welcher Insel wurde das Lied der Deutschen geschrieben?Helgoland
48%
In welchem Land soll Schach erfunden worden sein?Indien
45%
Wessen Berater waren u.a. Sir Thomas More, Kardinal Wolsey und Thomas Cromwell?König Heinrich VIII.
45%
Was war der Nachname des Paares Eva und Juan?Perón
40%
Für welche russische Prinzessin, die 1918 umgebracht wurde, gaben sich
viele Hochstapler aus?
Anastasia
33%
Welcher afroamerikanische Athlet zerstörte Hitlers Theorien der arischen
Überlegenheit, in dem er 1936 in Berlin vier Goldmedaillen holte?
Jesse Owens
31%
In welcher Stadt kämpfen Muhammad Ali und Joe Frazier im "Thrilla" gegeneinander?Manila
26%
Welcher englische König wurde enthauptet?König Karl I.
21%
Welche antike Sprache war die erste, die ein Alphabet erfand?Phönizisch
15%

Verteilung der Resultate

Perzentil nach korrekt beantworteten Fragen

Anzahl Personen mit jedem Resultat

Ihre Resultats-Entwicklung

Sie haben dieses Quiz noch nicht gespielt